Statystyki dla 10 największych miast w każdym województwie

Kliknij tutaj aby rozwiązać quiz!

Ogólne statystyki

  • Ten quiz został rozwiązany 14,404 razy
    (14,395 od ostatniego zresetowania)
  • Średni wynik to 59 z 160

Statystyki odpowiedzi

WOJEWÓDZTWO L. MIESZK. (TYS) MIASTO % Correct
dolnośląskie623Wrocław
89%
mazowieckie1711Warszawa
88%
małopolskie756Kraków
85%
pomorskie456Gdańsk
84%
lubelskie351Lublin
83%
śląskie311Katowice
83%
pomorskie250Gdynia
83%
łódzkie750Łódź
82%
zachodniopomorskie407Szczecin
81%
wielkopolskie559Poznań
81%
opolskie126Opole
81%
kujawsko-pomorskie206Toruń
80%
podlaskie294Białystok
79%
kujawsko-pomorskie360Bydgoszcz
79%
pomorskie39Sopot
78%
podkarpackie171Rzeszów
77%
lubuskie138Zielona Góra
75%
świętokrzyskie206Kielce
75%
mazowieckie225Radom
72%
warmińsko-mazurskie176Olsztyn
71%
lubuskie125Gorzów Wielkopolski
71%
małopolskie27Zakopane
68%
śląskie241Częstochowa
67%
śląskie222Sosnowiec
66%
śląskie197Gliwice
63%
śląskie189Zabrze
61%
dolnośląskie75Lubin
60%
podlaskie69Suwałki
60%
warmińsko-mazurskie126Elbląg
59%
dolnośląskie105Legnica
59%
mazowieckie127Płock
58%
zachodniopomorskie45Kołobrzeg
57%
małopolskie116Tarnów
57%
zachodniopomorskie107Koszalin
56%
śląskie175Bielsko-Biała
55%
dolnośląskie123Wałbrzych
53%
dolnośląskie86Jelenia Góra
53%
łódzkie78Piotrków Trybunalski
51%
kujawsko-pomorskie118Włocławek
50%
wielkopolskie108Kalisz
50%
małopolskie84Nowy Sącz
50%
świętokrzyskie25Sandomierz
49%
lubelskie66Zamość
49%
śląskie184Bytom
49%
warmińsko-mazurskie57Ełk
48%
kujawsko-pomorskie76Inowrocław
46%
wielkopolskie75Piła
45%
podkarpackie67Przemyśl
45%
wielkopolskie70Gniezno
45%
wielkopolskie80Konin
45%
zachodniopomorskie41Świnoujście
45%
lubelskie68Chełm
44%
pomorskie97Słupsk
44%
pomorskie38Malbork
42%
śląskie130Tychy
42%
śląskie141Rybnik
42%
łódzkie61Bełchatów
41%
kujawsko-pomorskie99Grudziądz
41%
wielkopolskie72Ostrów Wielkopolski
41%
małopolskie33Nowy Targ
39%
mazowieckie77Siedlce
37%
podlaskie63Łomża
37%
podkarpackie47Krosno
37%
podkarpackie50Tarnobrzeg
37%
zachodniopomorskie70Stargard
36%
lubelskie58Biała Podlaska
36%
łódzkie66Tomaszów Mazowiecki
36%
mazowieckie56Pruszków
35%
podlaskie30Augustów
35%
wielkopolskie64Leszno
35%
podkarpackie39Sanok
34%
małopolskie40Oświęcim
34%
opolskie65Kędzierzyn-Koźle
33%
śląskie144Ruda Śląska
32%
opolskie47Nysa
31%
dolnośląskie68Głogów
31%
podkarpackie65Stalowa Wola
31%
podkarpackie61Mielec
31%
lubelskie49Puławy
30%
warmińsko-mazurskie29Giżycko
29%
łódzkie49Skierniewice
28%
mazowieckie54Ostrołęka
28%
pomorskie46Wejherowo
28%
pomorskie40Chojnice
28%
łódzkie58Zgierz
28%
podkarpackie37Jasło
27%
świętokrzyskie73Ostrowiec Świętokrzyski
27%
warmińsko-mazurskie32Iława
27%
pomorskie60Tczew
27%
opolskie38Brzeg
27%
podkarpackie47Dębica
26%
łódzkie47Kutno
26%
pomorskie48Starogard Gdański
26%
mazowieckie51Legionowo
26%
łódzkie70Pabianice
26%
zachodniopomorskie40Szczecinek
25%
zachodniopomorskie34Police
25%
świętokrzyskie48Skarżysko-Kamienna
25%
podkarpackie40Jarosław
25%
mazowieckie45Ciechanów
25%
warmińsko-mazurskie33Ostróda
25%
małopolskie29Bochnia
24%
dolnośląskie40Bolesławiec
24%
dolnośląskie59Świdnica
24%
warmińsko-mazurskie22Mrągowo
23%
opolskie25Kluczbork
23%
lubuskie40Nowa Sól
22%
lubuskie38Żary
22%
łódzkie49Radomsko
22%
lubuskie22Świebodzin
21%
świętokrzyskie52Starachowice
21%
dolnośląskie37Oleśnica
21%
lubelskie40Świdnik
21%
lubelskie36Kraśnik
20%
małopolskie37Olkusz
20%
lubuskie18Kostrzyn
20%
mazowieckie44Otwock
20%
pomorskie45Rumia
20%
podlaskie22Hajnówka
19%
lubuskie26Żagań
19%
zachodniopomorskie26Wałcz
18%
opolskie20Strzelce Opolskie
18%
lubelskie27Biłgoraj
18%
świętokrzyskie16Jędrzejów
17%
warmińsko-mazurskie25Szczytno
17%
kujawsko-pomorskie25Świecie
17%
świętokrzyskie17Busko-Zdrój
17%
kujawsko-pomorskie20Chełmno
17%
małopolskie39Chrzanów
17%
podlaskie27Bielsk Podlaski
17%
kujawsko-pomorskie19Nakło nad Notecią
16%
kujawsko-pomorskie28Brodnica
16%
lubelskie30Łuków
16%
lubuskie19Międzyrzecz
16%
świętokrzyskie20Końskie
16%
mazowieckie41Żyrardów
16%
warmińsko-mazurskie28Kętrzyn
16%
podlaskie23Zambrów
15%
lubelskie23Lubartów
15%
lubuskie17Słubice
15%
małopolskie28Gorlice
15%
łódzkie44Zduńska Wola
14%
podlaskie22Grajewo
14%
zachodniopomorskie22Goleniów
14%
dolnośląskie34Dzierżoniów
14%
opolskie23Prudnik
14%
opolskie16Namysłów
14%
warmińsko-mazurskie25Bartoszyce
14%
opolskie18Krapkowice
13%
kujawsko-pomorskie17Rypin
13%
wielkopolskie30Śrem
13%
wielkopolskie30Swarzędz
12%
wielkopolskie29Krotoszyn
12%
podlaskie19Sokółka
12%
zachodniopomorskie24Białogard
12%
opolskie15Głuchołazy
11%
świętokrzyskie15Staszów
11%
podlaskie16Łapy
10%
świętokrzyskie12Pińczów
10%
lubuskie18Sulechów
9%

Rozkład punktacji

Percentyl według liczby udzielonych odpowiedzi

Procent ludzi z każdym wynikiem

Twoja historia wyników

Nie rozwiązałeś tego quizu od ostatniego zresetowania